|
|
|
|
| LEADER |
00900cam a2200229 7i4500 |
| 001 |
0000042611 |
| 005 |
20170218090000.0 |
| 020 |
|
|
|a 9780071315784 (pbk. ; McGraw-Hill international edition)
|
| 020 |
|
|
|a 0071315780 (pbk. ; McGraw-Hill international edition)
|
| 090 |
0 |
0 |
|a HM1221
|b .L38 2012
|
| 100 |
1 |
|
|a Lattimore, Dan
|
| 245 |
1 |
0 |
|a Public relations :
|b the profession and the practice
|c Dan Lattimore, Otis Baskin, Suzette T. Heiman, Elizabeth L. Toth.
|
| 250 |
|
|
|a 4th ed..
|
| 260 |
|
|
|a New York:
|b McGraw-Hill,
|c 2012.
|
| 300 |
|
|
|a xvii, 372 p.:
|b col. ill.;
|c 26 cm.
|
| 650 |
0 |
0 |
|a Public relations --
|z United States
|
| 650 |
0 |
0 |
|a Public relations
|
| 700 |
1 |
|
|a Toth, Elizabeth L
|
| 700 |
1 |
|
|a Heiman, Suzette T
|
| 700 |
1 |
|
|a Baskin, Otis
|
| 997 |
|
|
|a Communication, Visual Art & Computing, Faculty
|b Communication, Department
|
| 999 |
|
|
|a 0000052234
|b BOK
|c OPEN SHELF
|e 1st Floor, Bestari Jaya
|